| 000 | 00361nam a2200133 i 4500 | ||
|---|---|---|---|
| 001 | bg | ||
| 100 | 1 | _aŚLUSARCZYK, Bronisław | |
| 245 | 0 |
_aGeometria rzutowa w zakresie krzywych i powierzchni stopnia 2-go / _cBronisław Ślusarczyk. |
|
| 260 |
_aKielce, _c1973. |
||
| 040 | _cBPK | ||
| 041 | _apol | ||
| 942 | _cKS | ||
| 008 | s pl f |000 0 pol | ||
| 999 |
_c15804 _d15804 |
||
| 856 |
_uhttp://koha.tu.koszalin.pl/cgi-bin/koha/opac-detail.pl?biblionumber=15804 _yKatalog online BPK |
||